00439 2200169 4500001002100000005001500021035002000036007000300056008004100059020002200100082001100122084001700133100002200150245003100172260003100203300003500234INLIS00000000000032220260115014400 a0010-0126000015ta260115 0 ind  a978-623-180-808-0 a658.82 a658.82 PUS d0 aPuspitasari, devi1 aDigital Branding Kelas XII aJakarta :bErlangga,c2024 aix + 201 hlm. ;c17,5 x 25 cm.